Welcome to the Holygrace Academy Library

Please use search bar below to get started

AMERICAN ADULTERER (Record no. 2452)

MARC details
000 -LEADER
fixed length control field 00290nam a22001337a 4500
020 ## - INTERNATIONAL STANDARD BOOK NUMBER
ISBN 978-0-099-51587-6
082 ## - DEWEY DECIMAL CLASSIFICATION NUMBER
Classification number 8223
Item number MER/A
100 ## - MAIN ENTRY--AUTHOR NAME
Personal name MERCURIO, JED
245 ## - TITLE STATEMENT
Title AMERICAN ADULTERER
260 ## - PUBLICATION, DISTRIBUTION, ETC. (IMPRINT)
Place of publication LONDON
Name of publisher VINTAGE
300 ## - PHYSICAL DESCRIPTION
Number of Pages 354
650 ## - SUBJECT ADDED ENTRY--TOPICAL TERM
Topical Term NOVEL, ENGLISH
Geographic subdivision LONDON
942 ## - ADDED ENTRY ELEMENTS (KOHA)
Koha item type Books
Holdings
Withdrawn status Lost status Collection code Home library Current library Shelving location Date acquired Source of acquisition Full call number Accession Number Koha item type
    Fiction Main Library Main Library SHELF-2-E ENGLIAH NOVEL TEACHERS 19/06/2012 PURCHASE 8223 MER/A 05474 Books